000 00805cam a2200337 4500
008 000000n2001 000 0 eng u
020 _a0333802942
035 _a(Sirsi) u111591
100 _aGreen, K.
245 _aLand law
250 _a4th ed.
260 _aBasingstoke
_bPalgrave
_c2001
350 _a12.99
490 _aPalgrave Law Masters
650 _aADVERSE POSSESSION
650 _aBUYING AND SELLING LAND
650 _aCO-OWNERSHIP
650 _aCOVENANTS
650 _aEASEMENTS
650 _aFREEHOLD LAND
650 _aLAND LAW
650 _aLEASES
650 _aMORTGAGES
650 _aPROFITS
650 _aREGISTRATION OF TITLE
650 _aTRUSTS OF LAND
650 _aUNREGISTERED LAND
690 _aPROPERTY
700 _aCursley, J.
942 _n0
999 _c101264
_d101264